[Event "Indywidualne Mistrzostwa Polski do lat 20"]
[Site "Pokrzywna"]
[Date "1899-12-30"]
[Round "8.15"]
[White "Dzwierzynski, Bartosz"]
[Black "Luberanski, Jakub"]
[Result "1/2-1/2"]
[WhiteTitle "I"]
[BlackTitle "k"]
[WhiteElo "1939"]
[BlackElo "2125"]

1. d4 Nf6 2. c4 e6 3. Nc3 Bb4 4. f3 d5 5. a3 Bxc3+ 6. bxc3 c5 7. e3 O-O 8. cxd5
Nxd5 9. Bd2 Nc6 10. e4 Nf6 11. Be3 Qa5 12. Qd2 Rd8 13. Ne2 b6 14. Ra2 Ba6 15.
Ng3 Bxf1 16. Rxf1 Rac8 17. Kf2 Qa4 18. Ne2 Na5 19. Qd1 Qc4 20. Rb2 Ne8 21. Qb1
cxd4 22. cxd4 Qa4 23. Ra2 Rc4 24. Rc1 Rdc8 25. Rxc4 Rxc4 26. Qd3 h6 27. Rb2 Nd6
28. Bd2 Nc6 29. Be3 Nb5 30. d5 Ne5 31. Qb3 Qxa3 32. Qxa3 Nxa3 33. Rb3 Nc2 34.
Bf4 Nd7 35. dxe6 fxe6 36. Rd3 Nc5 37. Rd8+ Kh7 38. Rb8 Nb4 39. Bd6 Rc2 40. Ke3
Nbd3 41. f4 Rb2 42. g4 Rb3 43. Nd4 Ra3 44. Nb5 Ra1 45. Nc3 Rh1 46. Ra8 Ra1 47.
Kd4 Kg6 48. f5+ exf5 49. gxf5+ Kh7 50. e5 Rc1 51. e6 Nb4 52. Rc8 Nc2+ 53. Ke5
1/2-1/2

[Event "Indywidualne Mistrzostwa Polski do lat 20"]
[Site "Pokrzywna"]
[Date "1899-12-30"]
[Round "8.16"]
[White "Fiedorek, Michal"]
[Black "Bojczewski, Mateusz"]
[Result "1-0"]
[WhiteTitle "FM"]
[BlackTitle "I+"]
[WhiteElo "2176"]
[BlackElo "1960"]

1. e4 c6 2. d4 d5 3. Nc3 dxe4 4. Nxe4 Nd7 5. Ng5 Ngf6 6. Bd3 e6 7. N1f3 h6 8. Nxe6
Qe7 9. O-O fxe6 10. Bg6+ Kd8 11. Bf4 Nd5 12. Bg3 b6 13. c4 N5f6 14. Re1 Bb7 15.
Qd2 Rc8 16. Rad1 Qb4 17. Qe2 Ba6 18. Qxe6 Qe7 19. Qf5 Bxc4 20. Rxe7 Bxe7 21. Ne5
Bd5 22. Bf7 Rf8 23. Bxd5 Nxe5 24. Be6 Ned7 25. Qh3 a5 26. Be5 Rc7 27. Bxc7+ Kxc7
28. Qg3+ Bd6 29. Qxg7 Re8 30. Bxd7 Nxd7 31. Qxh6 Re7 32. g3 Re2 33. Rd2 Re1+ 34.
Kg2 Bb4 35. Rc2 c5 36. a3 Re4 37. axb4 axb4 38. dxc5 bxc5 39. Qh7 Re5 40. Rd2
Kb8 41. Rxd7 Kc8 42. Ra7 Re7 43. Qg8+ Re8 44. Qxe8# 1-0

[Event "Indywidualne Mistrzostwa Polski do lat 20"]
[Site "Pokrzywna"]
[Date "1899-12-30"]
[Round "8.17"]
[White "Trybus, Daniel"]
[Black "Kaliszuk, Kamil"]
[Result "1-0"]
[WhiteTitle "I++"]
[BlackTitle "I+"]
[WhiteElo "2125"]
[BlackElo "1961"]

1. e4 c6 2. d4 d5 3. Nc3 dxe4 4. Nxe4 Nf6 5. Nxf6+ exf6 6. c3 Bd6 7. Bd3 O-O 8.
Ne2 Re8 9. Qc2 h5 10. Be3 Nd7 11. O-O-O Nf8 12. Kb1 Be6 13. c4 b5 14. d5 cxd5
15. c5 Be5 16. Bxb5 Re7 17. Nd4 Bxd4 18. Bxd4 Qa5 19. Qa4 Bf5+ 20. Ka1 Qxa4 21.
Bxa4 Ne6 22. Rhe1 Rc7 23. b4 a5 24. b5 Nxd4 25. b6 Nc2+ 26. Bxc2 Bxc2 27. bxc7
Bxd1 28. Rxd1 Rc8 29. Kb2 Rxc7 30. Rxd5 Kf8 31. Kc3 g5 32. Kc4 Ke7 33. Kb5 Rb7+
34. Kxa5 Ra7+ 35. Kb6 Rxa2 36. Rf5 Ke6 37. Rf3 g4 38. Rf4 Rc2 39. c6 Rb2+ 40.
Kc7 Rc2 41. Kb7 Rb2+ 42. Kc8 Ke7 43. c7 Rc2 44. h3 gxh3 45. gxh3 Rc3 46. h4 Rc2
47. Rf3 Rd2 48. Re3+ Kd6 49. f3 f5 50. Rc3 Ke7 51. Kb7 Rb2+ 52. Kc6 1-0

[Event "Indywidualne Mistrzostwa Polski do lat 20"]
[Site "Pokrzywna"]
[Date "1899-12-30"]
[Round "8.18"]
[White "Dziewonski, Dariusz"]
[Black "Skurniak, Szymon"]
[Result "1/2-1/2"]
[WhiteTitle "I++"]
[BlackTitle "k"]
[WhiteElo "1925"]
[BlackElo "2117"]

1. e4 c5 2. Nf3 e6 3. d4 cxd4 4. Nxd4 a6 5. Nc3 b5 6. g3 Bb7 7. Bg2 Qc7 8. O-O
Nf6 9. Re1 d6 10. a4 bxa4 11. Nd5 exd5 12. exd5+ Kd8 13. Bg5 Nbd7 14. Qe2 Qb6
15. Rxa4 Ne5 16. Bd2 a5 17. Rea1 Nxd5 18. Nb5 Kd7 19. Bxa5 Qc5 20. c4 Be7 21.
Bh3+ Ke8 22. cxd5 Kf8 23. Nc3 g6 24. Bb4 Rxa4 25. Rxa4 Qb6 26. Kf1 h5 27. Qe3
Ba6+ 28. Kg1 Qxe3 29. fxe3 Bd3 30. Ra8+ Kg7 31. Rxh8 Kxh8 32. Bf1 Bxf1 33. Kxf1
Nc4 34. Ke2 Nxb2 35. Nb5 Nc4 36. Kd3 Nb6 37. Bxd6 Nxd5 38. Kd4 Nb4 39. Kc5 Bxd6+
40. Nxd6 Nc2 1/2-1/2

[Event "Indywidualne Mistrzostwa Polski do lat 20"]
[Site "Pokrzywna"]
[Date "1899-12-30"]
[Round "8.19"]
[White "Jarzebowski, Kacper"]
[Black "Kozlowski, Pawel"]
[Result "1/2-1/2"]
[WhiteTitle "k+"]
[BlackTitle "I++"]
[WhiteElo "2107"]
[BlackElo "1924"]

1. e4 e6 2. d4 d5 3. e5 c5 4. Qg4 cxd4 5. Nf3 Nc6 6. Bd3 Qc7 7. Qg3 Nb4 8. O-O
Ne7 9. Nxd4 Ng6 10. f4 Bc5 11. Be3 Qb6 12. Qf2 Ne7 13. Nc3 Nxd3 14. cxd3 Bd7 15.
a3 O-O 16. b4 Bxd4 17. Bxd4 Qa6 18. Bc5 Rfe8 19. b5 Bxb5 20. Bxe7 Bxd3 21. Bd6
Bxf1 22. Rxf1 Qd3 23. Qf3 Qxf3 24. Rxf3 Rac8 25. Nb5 Rc1+ 26. Rf1 Rxf1+ 27. Kxf1
a6 28. Nc7 Rc8 29. Ke2 h6 30. Kd3 g5 31. f5 exf5 32. Nxd5 Rc1 33. Ne7+ Kh7 34.
Nxf5 b5 35. Ne3 Kg6 36. Kd2 Rg1 37. Ke2 Rb1 38. Bb4 h5 39. h3 Rc1 40. Kf3 Rc7
41. Ke4 Rc1 42. Nd5 Rc2 43. Kf3 Ra2 44. Ne7+ Kg7 45. Nc6 Kg6 46. Bd6 Rc2 47. Ne7+
Kh7 48. g3 a5 49. Nd5 Rc4 50. Be7 Rd4 51. Nf6+ Kg6 52. Ke3 Rd1 53. Ne4 g4 54.
hxg4 hxg4 55. Nc3 Rf1 56. Nxb5 Rf3+ 57. Ke4 Rxg3 58. Kf4 Rg1 59. Nd4 Rd1 60. Nc6
Kh5 61. Nxa5 Rd3 62. Ke4 Rc3 63. Bb4 Rc2 64. Kd3 Rf2 65. Nc4 g3 66. Be1 Rf3+ 67.
Ke2 g2 68. Bf2 Rb3 69. Ne3 Rb5 70. Kf3 Rxe5 71. Kxg2 Ra5 72. Nc2 Kg5 73. Kf3 f5
74. Be3+ Kf6 75. Bd2 Ra8 76. Kf4 Ke6 77. Bb4 Ra7 78. Nd4+ Kd5 79. Nxf5 Kc4 80.
Ke4 Kb3 81. Nd4+ Ka4 82. Ne6 Rh7 83. Nc5+ Kb5 84. Kd3 Rh5 85. Ne4 Rh3+ 86. Kc2
Rf3 87. Kb2 Re3 88. Nd6+ Ka4 89. Bc5 Rb3+ 90. Ka2 Rc3 91. Nb7 Rc2+ 92. Kb1 Rc3
93. Bb4 Rxa3 94. Bxa3 Kxa3 1/2-1/2

[Event "Indywidualne Mistrzostwa Polski do lat 20"]
[Site "Pokrzywna"]
[Date "1899-12-30"]
[Round "8.20"]
[White "Krawczyk, Flawian"]
[Black "Jedrusik, Adam"]
[Result "1-0"]
[WhiteTitle "I"]
[BlackTitle "I"]
[WhiteElo "2073"]
[BlackElo "1891"]

1. e4 c6 2. d4 d5 3. Nc3 dxe4 4. Nxe4 Bf5 5. Ng3 Bg6 6. h4 h6 7. f4 e6 8. Nf3 Bd6
9. h5 Bh7 10. Bd3 Bxd3 11. Qxd3 Nf6 12. Bd2 Nbd7 13. O-O-O c5 14. Rhe1 O-O 15.
Ne4 Nxe4 16. Qxe4 Qc7 17. g4 Rac8 18. d5 Nf6 19. Qe2 Nxd5 20. Ne5 c4 21. c3 b5
22. g5 b4 23. gxh6 bxc3 24. Bxc3 Nxc3 25. bxc3 Qa5 26. Rxd6 Qxc3+ 27. Kd1 Qa1+
28. Kd2 Qxa2+ 29. Ke3 Qa3+ 30. Kf2 Qxd6 31. Qg4 Qd4+ 32. Kf1 g6 33. hxg6 f5 34.
Qg5 Qd8 35. g7 Rf7 36. h7+ 1-0

[Event "Indywidualne Mistrzostwa Polski do lat 20"]
[Site "Pokrzywna"]
[Date "1899-12-30"]
[Round "8.21"]
[White "Starosciak, Szymon"]
[Black "Szczurek, Krzysztof"]
[Result "1-0"]
[WhiteTitle "I"]
[BlackTitle "FM"]
[WhiteElo "1864"]
[BlackElo "2031"]

1. e4 c5 2. Nf3 d6 3. d4 cxd4 4. Nxd4 Nf6 5. Nc3 a6 6. f3 e5 7. Nb3 Be6 8. Be3
Be7 9. Qd2 O-O 10. O-O-O b5 11. g4 Nbd7 12. g5 b4 13. Ne2 Ne8 14. f4 a5 15. f5
Bxb3 16. cxb3 a4 17. bxa4 Rxa4 18. f6 Nexf6 19. gxf6 Nxf6 20. Kb1 Qa8 21. Nc1
Nxe4 22. Qd5 Qxd5 23. Rxd5 f5 24. Bg2 Nf6 25. Bg5 h6 26. Bxf6 Rxf6 27. Rb5 e4
28. Rf1 g6 29. Ne2 d5 30. Rxd5 Rfa6 31. Rd7 Bg5 32. h4 Bxh4 33. Rc1 Ra8 34. Rcc7
Bf6 35. Nc1 h5 36. Bf1 b3 37. axb3 Rb4 38. Bc4+ Rxc4 39. Rxc4 h4 40. Rc6 Rf8 41.
Ne2 h3 42. Rd1 g5 43. Ng3 Be7 44. Rc7 Bf6 45. Nxf5 Rb8 46. Nh6+ Kh8 47. Rdd7 1-0

[Event "Indywidualne Mistrzostwa Polski do lat 20"]
[Site "Pokrzywna"]
[Date "1899-12-30"]
[Round "8.23"]
[White "Suska, Szymon"]
[Black "Meers, Hubert"]
[Result "0-1"]
[WhiteTitle "I"]
[BlackTitle "k"]
[WhiteElo "1548"]
[BlackElo "1986"]

1. e4 c6 2. d4 d5 3. exd5 cxd5 4. Nf3 Nf6 5. Bd3 Nc6 6. c3 Bg4 7. h3 Bxf3 8. Qxf3
e6 9. Qe2 Qc7 10. Nd2 Bd6 11. Nf3 h6 12. O-O O-O 13. Re1 Nd7 14. Be3 Rac8 15.
Rad1 a6 16. Bb1 b5 17. Qd3 Nf6 18. g4 Ne4 19. g5 f5 20. gxh6 f4 21. Bc1 Rf6 22.
h7+ Kh8 23. Rxe4 dxe4 24. Qxe4 Qf7 25. Ne5 Bxe5 26. dxe5 Rf5 27. Qg2 Qh5 28. Qf1
Rg5+ 29. Kh2 Nxe5 30. Be4 Ng4+ 31. Kh1 Nxf2+ 32. Qxf2 Qxd1+ 33. Kh2 Qxc1 34. Bf3
Qe3 35. Qxe3 fxe3 36. a4 Rd8 0-1

[Event "Indywidualne Mistrzostwa Polski do lat 20"]
[Site "Pokrzywna"]
[Date "1899-12-30"]
[Round "8.24"]
[White "Panek, Bartosz"]
[Black "Warchol, Kamil"]
[Result "0-1"]
[WhiteTitle "I+"]
[BlackTitle "CM"]
[WhiteElo "1981"]
[BlackElo "1755"]

1. e4 c5 2. c3 d6 3. d4 Nf6 4. f3 Nc6 5. dxc5 dxc5 6. Qxd8+ Kxd8 7. Na3 e6 8. Bf4
e5 9. Bg5 Be6 10. O-O-O Kc7 11. Bc4 h6 12. Bxe6 fxe6 13. Bh4 a6 14. Nh3 g5 15.
Bg3 b5 16. Nc2 Nh5 17. Ne3 Nf4 18. Ng4 Be7 19. Rd2 h5 20. Ne3 c4 21. Bxf4 gxf4
22. Nc2 Rhg8 23. b4 cxb3 24. axb3 a5 25. Kb2 Kb6 26. Rg1 Bc5 27. Rgd1 Ra7 28.
Ne1 b4 29. cxb4 Bd4+ 30. Kb1 axb4 31. Nc2 Bc3 32. Rd6 Rxg2 33. Rxe6 Rxh2 34. Ng5
Rg7 35. Rg1 Rd2 36. Kc1 Ra7 37. Rd1 Rg2 38. Nf7 0-1

[Event "Indywidualne Mistrzostwa Polski do lat 20"]
[Site "Pokrzywna"]
[Date "1899-12-30"]
[Round "8.25"]
[White "Zimny, Jakub"]
[Black "Karolczuk, Iwo"]
[Result "1/2-1/2"]
[WhiteTitle "II+"]
[BlackTitle "k"]
[WhiteElo "1569"]
[BlackElo "2065"]

1. e4 c5 2. Nf3 e6 3. d4 cxd4 4. Nxd4 a6 5. c4 Nf6 6. Nc3 Bb4 7. e5 Ne4 8. Bd2
Nxd2 9. Qxd2 d6 10. exd6 Qxd6 11. Nf3 Qxd2+ 12. Kxd2 Nc6 13. Bd3 Na5 14. Rad1
Bd7 15. a3 Bxc3+ 16. Kxc3 Ba4 17. Rde1 Rd8 18. b4 Nc6 19. Bc2 Bxc2 20. Kxc2 Nd4+
21. Nxd4 Rxd4 22. Kc3 Rf4 23. Re2 Ke7 24. Rd1 Rc8 25. Rd4 Rxd4 26. Kxd4 Rd8+ 27.
Kc3 Rd1 28. a4 Rc1+ 29. Rc2 Rh1 30. h3 Kd6 31. c5+ Kc6 32. Kc4 Rb1 33. h4 b6 34.
cxb6 Kxb6 35. Rd2 1/2-1/2

[Event "Indywidualne Mistrzostwa Polski do lat 20"]
[Site "Pokrzywna"]
[Date "1899-12-30"]
[Round "8.26"]
[White "Jaworski, Tymon"]
[Black "Janeczko, Jakub"]
[Result "0-1"]
[WhiteTitle "I"]
[BlackTitle "I++"]
[WhiteElo "1510"]
[BlackElo "1980"]

1. d4 c5 2. d5 e5 3. e4 d6 4. c4 Be7 5. Nc3 Nf6 6. Bd3 O-O 7. Nge2 Ne8 8. Qc2 g6
9. Ng3 Ng7 10. Bh6 a6 11. O-O-O Bg5+ 12. Bxg5 Qxg5+ 13. Qd2 Qxd2+ 14. Kxd2 f5
15. f3 Nd7 16. a4 b6 17. Rdf1 f4 18. Nge2 Nf6 19. g3 g5 20. g4 Bd7 21. h4 h6 22.
hxg5 hxg5 23. Rh6 Nge8 24. Rg6+ Kf7 25. Rh6 Kg7 26. Rhh1 Nc7 27. b3 Rab8 28. Kc2
Rb7 29. Ra1 Rfb8 30. Rhb1 Rh8 31. Rh1 Rhb8 32. Rhb1 Ng8 33. Kd2 Ne7 34. Ke1 Rh8
35. Kf2 Rh2+ 36. Kg1 Rh6 37. Kg2 Ng6 38. Rh1 Nh4+ 39. Kf2 Rh8 40. Ra2 Ne8 41.
Rb2 Nf6 42. b4 cxb4 43. Rxb4 Bxg4 44. Nxf4 exf4 45. fxg4 Nxg4+ 46. Ke2 f3+ 47.
Kd2 f2 48. Rbb1 Nf3+ 49. Ke2 Ng1+ 50. Rhxg1 fxg1=Q 51. Rxg1 Rh2+ 52. Ke1 Ne5 53.
Rxg5+ Kh6 54. Rg3 Rg7 55. Rxg7 Nxd3+ 56. Kd1 Kxg7 57. Ne2 Nb2+ 58. Ke1 Rxe2+ 59.
Kxe2 Nxc4 60. Kd3 Ne5+ 0-1

[Event "Indywidualne Mistrzostwa Polski do lat 20"]
[Site "Pokrzywna"]
[Date "1899-12-30"]
[Round "8.27"]
[White "Budzisz, Adrian"]
[Black "Klim, Filip"]
[Result "0-1"]
[WhiteTitle "I+"]
[BlackTitle "I++"]
[WhiteElo "1955"]
[BlackElo "1897"]

1. d4 d5 2. c4 e6 3. g3 Nf6 4. Nf3 dxc4 5. Bg2 a6 6. O-O Nc6 7. Nc3 Rb8 8. e4 Be7
9. d5 Nb4 10. Ne5 exd5 11. exd5 Bf5 12. a3 Nd3 13. Nxc4 O-O 14. Be3 Ng4 15. Bd4
c5 16. Ne3 Ngxf2 17. Rxf2 Nxf2 18. Kxf2 cxd4 19. Qxd4 Bf6 20. Qf4 Bg6 21. h4 Rc8
22. d6 Bxc3 23. bxc3 Qb6 24. Qb4 Qa7 25. d7 Rcd8 26. Rd1 Bf5 27. Qe7 b5 28. Bc6
Be6 29. h5 h6 30. Rd4 Qc7 31. Rd6 Rb8 32. Ke2 Qd8 33. Qxd8 Rfxd8 34. Nd5 Bxd5
35. Rxd5 f6 36. Kd3 Kf8 37. Kd4 Ke7 38. Kc5 Rf8 39. Rd3 Kd8 40. Kd6 f5 41. Kc5
Kc7 42. Bg2 Rbd8 43. Rd6 Rf6 44. Rxf6 gxf6 45. Bh3 Rg8 46. Bxf5 Rxg3 47. Kd5 Re3
48. Kd4 Re5 49. Bg6 Kxd7 50. c4 bxc4 51. Kxc4 f5 52. Kd4 Kd6 53. a4 f4 54. Bd3
f3 55. Bxa6 f2 56. Bc4 Re1 0-1

[Event "Indywidualne Mistrzostwa Polski do lat 20"]
[Site "Pokrzywna"]
[Date "1899-12-30"]
[Round "8.28"]
[White "Zabron, Maksym"]
[Black "Wasik, Mateusz"]
[Result "1-0"]
[WhiteTitle "I++"]
[BlackTitle "I"]
[WhiteElo "1932"]
[BlackElo "1765"]

1. d4 d5 2. c4 e6 3. Nc3 a6 4. cxd5 exd5 5. g3 Bf5 6. Bg2 Nf6 7. Bg5 c6 8. Qb3
b5 9. Nf3 Bd6 10. O-O O-O 11. Nh4 Bg4 12. f3 Be6 13. Qc2 h6 14. Be3 Re8 15. Bf2
Bf8 16. e4 dxe4 17. fxe4 b4 18. Na4 Nbd7 19. b3 Rc8 20. Rac1 Qa5 21. Nf3 Ng4 22.
Nc5 Bxc5 23. dxc5 Nde5 24. Nxe5 Nxe5 25. Rcd1 Bg4 26. Rd6 Qb5 27. Bd4 f6 28. Qd2
Qb8 29. Rf4 Bh5 30. Bxe5 Rxe5 31. Rf5 Bg4 32. Rxe5 fxe5 33. Bf1 a5 34. h3 Bf3
35. Qe3 Bh5 36. Bc4+ Bf7 37. Bxf7+ Kxf7 38. Qf3+ Kg8 39. Rd7 Rf8 40. Qg4 Rf7 41.
Qe6 Qf8 42. Kg2 g5 43. Rc7 Kg7 44. Qxe5+ Kg8 45. Qe6 Kg7 46. Rxf7+ Qxf7 47. Qxc6
a4 48. Qxa4 Qf6 49. Qd7+ Kg8 50. Qd5+ Kg7 51. Qb7+ Kg8 52. Qxb4 Qb2+ 53. Kf3 Qf6+
54. Ke3 Qa1 55. Qc4+ Kf8 56. c6 Qg1+ 57. Kd2 Qf2+ 58. Kc1 Qe1+ 59. Kb2 Qd2+ 60.
Ka3 Qa5+ 61. Qa4 Qd8 62. Qb4+ Kg8 63. Qc4+ Kh8 64. Qc3+ Kg8 65. c7 1-0

[Event "Indywidualne Mistrzostwa Polski do lat 20"]
[Site "Pokrzywna"]
[Date "1899-12-30"]
[Round "8.29"]
[White "Kazmierowski, Tymon"]
[Black "Karut, Kacper"]
[Result "1/2-1/2"]
[WhiteTitle "I+"]
[BlackTitle "I"]
[WhiteElo "1996"]
[BlackElo "1607"]

1. d4 Nf6 2. c4 g6 3. Nc3 Bg7 4. e4 d6 5. Nf3 O-O 6. Be2 Nbd7 7. O-O e5 8. Qc2
c6 9. d5 c5 10. Bg5 h6 11. Bd2 Ne8 12. g3 Nb6 13. a3 Bh3 14. Rfd1 f5 15. Nh4 Qf6
16. exf5 Bxf5 17. Nxf5 gxf5 18. f4 e4 19. Be3 Qg6 20. Kh1 Nf6 21. Nb5 Ng4 22.
Bg1 Rfd8 23. Nc7 Rac8 24. Ne6 Re8 25. Nxg7 Qxg7 26. h3 Nf6 27. Be3 Kf7 28. Rg1
h5 29. Qd1 Rh8 30. Rc1 Rcg8 31. b4 Qf8 32. Qe1 Nbd7 33. Rb1 b6 34. bxc5 dxc5 35.
a4 Qd6 36. a5 Rb8 37. axb6 axb6 38. Ra1 Ra8 39. Qc3 Rhg8 40. Rxa8 Rxa8 41. Ra1
Qb8 42. Bd2 Ra7 43. Qb2 Qa8 44. Bc3 Rxa1+ 45. Qxa1 Qxa1+ 46. Bxa1 Ke7 47. Kg2
Kd6 48. Kf2 Kc7 49. Ke3 Kb7 50. Bd1 b5 51. g4 hxg4 52. hxg4 fxg4 53. cxb5 g3 54.
d6 Nd5+ 55. Ke2 Nxf4+ 56. Kf1 g2+ 57. Kg1 e3 58. Bg4 e2 59. Bc3 Ne5 60. d7 Nxd7
61. Bxd7 Nd3 1/2-1/2

[Event "Indywidualne Mistrzostwa Polski do lat 20"]
[Site "Pokrzywna"]
[Date "1899-12-30"]
[Round "8.30"]
[White "Bochenek, Ryszard"]
[Black "Kocierz, Pawel"]
[Result "0-1"]
[WhiteTitle "II"]
[BlackTitle "II"]
[WhiteElo "1445"]
[BlackElo "1701"]

1. e4 c5 2. Nf3 g6 3. d4 cxd4 4. Nxd4 Bg7 5. Be3 Nf6 6. Nc3 Nc6 7. Bc4 Qa5 8. f3
Qb4 9. Bb3 Nxe4 10. fxe4 Bxd4 11. Bxd4 Qxd4 12. Qxd4 Nxd4 13. Nd5 Nxb3 14. axb3
Kd8 15. Nb6 Rb8 16. Rxa7 d6 17. O-O Be6 18. Nd5 Bxd5 19. exd5 f6 20. Re1 Re8 21.
c4 Kd7 22. Re6 Kc7 23. b4 Kb6 24. Ra5 h5 25. Ra1 Ra8 26. Rae1 Red8 27. b3 Ra3
28. R1e3 Rd7 29. c5+ Kb5 30. Rxe7 Rxe7 31. Rxe7 dxc5 32. d6 Rxb3 33. bxc5 Kxc5
34. d7 Rd3 35. d8=Q Rxd8 36. Rxb7 Rd2 37. Rf7 Rd6 38. Kf2 Kd4 39. g3 Ke4 40. Re7+
Kf5 41. Re2 h4 42. gxh4 Rd4 43. Kg3 Rd3+ 44. Kg2 Rd4 45. Kg3 Re4 46. Rf2+ Ke5
47. Rf3 f5 48. h3 f4+ 49. Kg4 Re1 50. Kg5 Rg1+ 51. Kh6 Ke4 52. Ra3 f3 53. Ra4+
Ke3 54. Ra3+ Ke2 55. Ra2+ Kf1 56. h5 gxh5 57. Kxh5 Rg2 58. Ra1+ Ke2 59. Ra2+ Ke3
60. Ra3+ Kf4 61. Ra4+ Kg3 62. Ra3 Rh2 63. Kg5 Rxh3 64. Rb3 Rh1 65. Kf5 Kg2 0-1

[Event "Indywidualne Mistrzostwa Polski do lat 20"]
[Site "Pokrzywna"]
[Date "1899-12-30"]
[Round "8.31"]
[White "Topola, Rafal"]
[Black "Stachecki, Mikolaj"]
[Result "1/2-1/2"]
[WhiteTitle "I"]
[BlackTitle "I+"]
[WhiteElo "1827"]
[BlackElo "1822"]

1. c4 e5 2. Nc3 Nc6 3. g3 g6 4. Bg2 Bg7 5. e3 f5 6. d3 Nf6 7. Nge2 O-O 8. O-O Rb8
9. Qa4 a6 10. b4 Ne7 11. Qb3 d6 12. Bb2 g5 13. d4 Ng6 14. c5+ Kh8 15. cxd6 cxd6
16. dxe5 dxe5 17. Rad1 Qe7 18. Nd5 Nxd5 19. Bxd5 f4 20. exf4 gxf4 21. gxf4 Nxf4
22. Nxf4 Rxf4 23. Bg2 Be6 24. Qe3 Bxa2 25. Rfe1 Rbf8 26. Bxe5 Qxe5 27. Qxe5 Bxe5
28. Rxe5 Rxb4 29. Re7 b5 30. Ra7 Rb1 31. Rxb1 Bxb1 32. Rxa6 Rb8 33. Bd5 Bd3 34.
Ra3 1/2-1/2

[Event "Indywidualne Mistrzostwa Polski do lat 20"]
[Site "Pokrzywna"]
[Date "1899-12-30"]
[Round "8.32"]
[White "Czak, Dominik"]
[Black "Haliniak, Wojciech"]
[Result "0-1"]
[WhiteTitle "II"]
[BlackTitle "I"]
[WhiteElo "1267"]
[BlackElo "1764"]

1. d4 f5 2. c4 Nf6 3. Nc3 g6 4. Nf3 Bg7 5. Bf4 d6 6. e3 O-O 7. Bd3 c6 8. O-O Qe8
9. Qb3 Kh8 10. Rfe1 Nh5 11. Bg3 e5 12. Bc2 Nd7 13. Qa3 Nxg3 14. hxg3 Qe7 15. Rad1
e4 16. Nd2 Nf6 17. b4 h5 18. b5 Bh6 19. Ba4 Bd7 20. Nb3 Ng4 21. Na5 h4 22. Ne2
hxg3 23. Nxg3 f4 24. exf4 Rxf4 25. Re2 Raf8 26. Rdd2 Qh4 27. bxc6 e3 28. Rxe3
Qh2+ 29. Kf1 Rxf2+ 30. Rxf2 Rxf2+ 31. Ke1 Qg1+ 0-1

[Event "Indywidualne Mistrzostwa Polski do lat 20"]
[Site "Pokrzywna"]
[Date "1899-12-30"]
[Round "8.33"]
[White "Boryna, Szymon"]
[Black "Ochedzan, Filip"]
[Result "1/2-1/2"]
[WhiteTitle "II"]
[BlackTitle "II"]
[WhiteElo "1107"]
[BlackElo "1617"]

1. e4 c5 2. Nf3 d6 3. c3 Nf6 4. h3 Nc6 5. Bd3 e6 6. O-O Be7 7. Bc2 O-O 8. d4 cxd4
9. cxd4 b6 10. Bg5 Bb7 11. Nc3 Re8 12. Re1 Qd7 13. e5 dxe5 14. dxe5 Nd5 15. Bxe7
Ncxe7 16. Ng5 Ng6 17. Nxd5 Qxd5 18. Be4 Qxd1 19. Raxd1 Bxe4 20. Rxe4 Red8 21.
Rxd8+ Rxd8 22. Nf3 Rd1+ 23. Kh2 Rb1 24. Rb4 Ne7 25. Rd4 Nd5 26. Rd2 Rc1 27. Nd4
Kf8 28. Rc2 Rxc2 29. Nxc2 Nf4 30. Ne1 Ke7 31. Kg3 Nd5 32. Kf3 Kd7 33. Ke4 Kc6
34. Nd3 Kb5 35. Kd4 a5 36. g4 g5 37. b3 a4 38. bxa4+ Kxa4 39. Nb2+ Ka3 40. Nc4+
Kxa2 41. Nd6 Nf4 42. Nxf7 Nxh3 43. f3 Ka3 44. Nd6 Ka4 45. Ne4 b5 46. Nc5+ Ka3
47. Nxe6 b4 48. Nc5 Nf4 49. Kc4 h6 50. Nb3 Ka4 51. Nc5+ Ka3 52. Nb3 Ne6 53. Nd2
Nf4 54. Nb3 Kb2 55. Nd4 Ka2 1/2-1/2

[Event "Indywidualne Mistrzostwa Polski do lat 20"]
[Site "Pokrzywna"]
[Date "1899-12-30"]
[Round "8.34"]
[White "Liskiewicz, Jakub"]
[Black "Rosa, Antoni"]
[Result "1-0"]
[WhiteTitle "I"]
[BlackTitle "I"]
[WhiteElo "1504"]
[BlackElo "1416"]

1. d4 d5 2. c4 e6 3. Nc3 Nf6 4. Bg5 Be7 5. e3 O-O 6. Nf3 h6 7. Bh4 b6 8. Rc1 Bb7
9. Be2 dxc4 10. O-O Nbd7 11. Bxc4 Ne4 12. Bxe7 Qxe7 13. Nxe4 Bxe4 14. Bb5 Nf6
15. Bc6 Bxc6 16. Rxc6 Rac8 17. Qa4 Nd5 18. a3 a5 19. Rfc1 f5 20. Qc2 Rf7 21. h3
Rcf8 22. Ne5 Rf6 23. Qd3 Qe8 24. f3 Qe7 25. Kh2 h5 26. e4 fxe4 27. fxe4 Nf4 28.
Qc2 Nxg2 29. Rxc7 Qd6 30. Rd7 Qb8 31. Qc7 Kh7 32. Rxg7+ Kh6 33. Rh7+ Kg5 34. Qg7+
Kf4 35. Qxg2 Ke3 36. Qg3+ Kxe4 37. Qd3+ Kd5 38. Rd7+ Qd6 39. Qc4+ Ke4 40. Qe2+
Kd5 41. Qg2+ Kxd4 42. Rxd6+ Kxe5 43. Rd2 Rf5 44. Qg7+ R8f6 45. Re1+ Kf4 46. Rf2#
1-0

[Event "Indywidualne Mistrzostwa Polski do lat 20"]
[Site "Pokrzywna"]
[Date "1899-12-30"]
[Round "8.35"]
[White "Durzynski, Jan"]
[Black "Klim, Juliusz"]
[Result "0-1"]
[WhiteTitle "II+"]
[BlackTitle "II"]
[WhiteElo "1266"]
[BlackElo "1292"]

1. e4 e5 2. Nf3 Nc6 3. Bb5 a6 4. Ba4 Nf6 5. O-O b5 6. Bb3 Bc5 7. c3 d6 8. a4 Rb8
9. axb5 axb5 10. d4 Bb6 11. Na3 O-O 12. Nxb5 Bg4 13. Ba4 Nxe4 14. h3 Bh5 15. Qd3
Bg6 16. Qc4 Na5 17. Qe2 c6 18. Na3 exd4 19. Nxd4 Re8 20. Bxc6 Nxc6 21. Nxc6 Nxf2
22. Nxd8 Rxe2 23. Nc6 Be4 24. Nd4 Bxd4 25. cxd4 Nxh3+ 26. gxh3 Rg2+ 27. Kh1 Rb3
28. Rf3 Rxf3 29. Kxg2 Rxa3+ 30. Kf2 Rxa1 31. Bf4 d5 32. b4 Rb1 33. Bd6 f6 34.
Kg3 Kf7 35. Kf4 Rb3 36. h4 h5 37. Bc5 Rf3# 0-1

[Event "Indywidualne Mistrzostwa Polski do lat 20"]
[Site "Pokrzywna"]
[Date "1899-12-30"]
[Round "8.36"]
[White "Kowalczyk, Jakub"]
[Black "Krawczyk, Eryk"]
[Result "0-1"]
[WhiteTitle "II"]
[BlackTitle "III"]
[WhiteElo "1200"]
[BlackElo "1233"]

1. e4 c6 2. d4 d5 3. exd5 cxd5 4. Nf3 Nc6 5. Nc3 Nf6 6. Bb5 a6 7. Be2 Bg4 8. Ne5
Bxe2 9. Kxe2 e6 10. Nxc6 bxc6 11. h3 Bb4 12. Qd3 Qb6 13. Nd1 Qb5 14. Qxb5 axb5
15. a3 O-O 16. f3 Bd6 17. Rb1 Nh5 18. Kf2 Bf4 19. Bxf4 Nxf4 20. Re1 Ra4 21. Re3
Rxd4 22. Kf1 Rc4 23. c3 Ra4 24. Nf2 h6 25. g3 Nh5 26. Kg2 Nf6 27. Nd3 Nd7 28.
Nb4 c5 29. Nd3 Rc8 30. Rc1 Kf8 31. f4 g6 32. Nf2 h5 33. Nd3 Nb6 34. Ne5 Nc4 35.
Nxc4 Rxc4 36. b3 Re4 37. Rxe4 dxe4 38. Rd1 Ke7 39. Kf2 f5 40. Ke3 Ra8 41. Ra1
b4 42. cxb4 cxb4 43. a4 Rd8 44. Rb1 Rd3+ 45. Kf2 Kd6 46. Rb2 Kc5 47. Rb1 Rc3 48.
Rb2 Rf3+ 49. Kg2 Rd3 50. Kf2 Kd4 51. h4 Kc3 52. Rb1 Kc2 53. Ra1 Rxb3 54. a5 Ra3
55. Re1 Rxa5 56. Re2+ Kc3 57. Re3+ Kc4 58. Re1 Ra2+ 59. Kg1 b3 60. Rb1 Rc2 0-1

[Event "Indywidualne Mistrzostwa Polski do lat 20"]
[Site "Pokrzywna"]
[Date "1899-12-30"]
[Round "9.1"]
[White "Niedbala, Bartlomiej"]
[Black "Teclaf, Pawel"]
[Result "1/2-1/2"]
[WhiteTitle "FM"]
[BlackTitle "IM"]
[WhiteElo "2348"]
[BlackElo "2477"]

1. d4 e6 2. c4 b6 3. e4 Bb7 4. Nc3 Bb4 5. f3 f5 6. exf5 Nh6 7. fxe6 Nf5 8. Bf4
dxe6 9. Qa4+ Nc6 10. O-O-O Nfxd4 11. Nb5 O-O 12. Bxc7 Qg5+ 13. f4 Qh6 14. Nxd4
Rxf4 15. Bxf4 Qxf4+ 16. Kb1 Nxd4 17. Nf3 Nxf3 18. Qxb4 Be4+ 19. Ka1 Nd4 20. Qd2
Nc2+ 21. Kb1 Nb4+ 22. Ka1 Nc2+ 23. Kb1 Nb4+ 24. Ka1 Nc2+ 25. Kb1 Nb4+ 1/2-1/2

[Event "Indywidualne Mistrzostwa Polski do lat 20"]
[Site "Pokrzywna"]
[Date "1899-12-30"]
[Round "9.2"]
[White "Janik, Igor"]
[Black "Chylewski, Patryk"]
[Result "0-1"]
[WhiteTitle "IM"]
[BlackTitle "FM"]
[WhiteElo "2489"]
[BlackElo "2330"]

1. c4 c5 2. Nc3 Nc6 3. g3 g6 4. Bg2 Bg7 5. Nf3 d6 6. O-O e6 7. a3 Nge7 8. Rb1 a5
9. e3 O-O 10. d4 cxd4 11. exd4 d5 12. c5 b6 13. Na4 bxc5 14. dxc5 Ba6 15. Re1
Rb8 16. Bf4 Rb7 17. Nb6 Bb5 18. Qb3 Na7 19. Be5 Bxe5 20. Nxe5 Nec6 21. Nxc6 Bxc6
22. Qc3 a4 23. Qd4 Qc7 24. Bf1 Rd8 25. h4 h5 26. Rbc1 Rbb8 27. Rc2 Nc8 28. Nxc8
Rdxc8 29. Bd3 Re8 30. Re5 f6 31. Re1 e5 32. Qc3 Kg7 33. Rce2 Qd7 34. Bb1 d4 35.
Qa5 Rb5 36. Qxa4 Rxb2 37. Qa5 Rxb1 38. Rxb1 Qd5 39. f3 Qxf3 40. Reb2 Qh1+ 41.
Kf2 Qg2+ 42. Ke1 Qxg3+ 43. Ke2 Bf3+ 44. Kd2 Qg2+ 45. Kd3 Be4+ 46. Kc4 Bd5+ 47.
Kb5 Rb8+ 48. Ka6 Bc4+ 0-1

[Event "Indywidualne Mistrzostwa Polski do lat 20"]
[Site "Pokrzywna"]
[Date "1899-12-30"]
[Round "9.3"]
[White "Pacan-milej, Kosma"]
[Black "Fus, Jakub"]
[Result "1-0"]
[WhiteTitle "FM"]
[BlackTitle "FM"]
[WhiteElo "2423"]
[BlackElo "2401"]

1. Nf3 Nf6 2. c4 e6 3. g3 b6 4. Bg2 Bb7 5. O-O c5 6. Nc3 Be7 7. d4 cxd4 8. Qxd4
d6 9. Rd1 a6 10. Ng5 Bxg2 11. Kxg2 O-O 12. Nce4 Ne8 13. Qd3 g6 14. Nf3 f6 15.
b3 Ra7 16. Bb2 Rd7 17. Nd4 Ng7 18. h4 d5 19. cxd5 Rxd5 20. Qf3 Rd7 21. e3 e5 22.
Nc2 f5 23. Ng5 Bf6 24. Rxd7 Qxd7 25. Rd1 Qb5 26. Rd5 Qc6 27. Nb4 Qc7 28. Rxe5
Qd6 29. Rd5 Qe7 30. Bxf6 Qxf6 31. Qf4 Ne8 32. Qxb8 1-0